[Event "ENCI Limburg-open B"]
[Site "Maastricht"]
[Date "2009.06.01"]
[Round "6"]
[White "Breest, Axel"]
[Black "Hendriks, Nicklas"]
[Result "1-0"]
[WhiteElo "1818"]
[BlackElo "1650"]
[PlyCount "34"]
[EventDate "2009.05.29"]
[EventType "swiss"]
[EventRounds "7"]
[EventCountry "NED"]
[Source "P.Boonen"]
[SourceDate "2010.01.01"]

1. e4 e5 2. Nf3 Nc6 3. Bc4 Nf6 4. d4 exd4 5. Ng5 d5 6. exd5 Nxd5 7. O-O f5 8.
Re1+ Be7 9. Nc3 Nxc3 10. Qh5+ g6 11. Bf7+ Kd7 12. Qh3 Kd6 13. Ne6 Bxe6 14.
Rxe6+ Kc5 15. bxc3 Kb6 16. Rb1+ Ka5 17. Qd3 a6 {.....} 1-0

[Event "ENCI Limburg-open B"]
[Site "Maastricht"]
[Date "2009.06.01"]
[Round "6"]
[White "Broekhuis, Jan"]
[Black "Hendrickx, Arthur"]
[Result "0-1"]
[WhiteElo "1890"]
[BlackElo "1797"]
[PlyCount "162"]
[EventDate "2009.05.29"]
[EventType "swiss"]
[EventRounds "7"]
[EventCountry "NED"]
[Source "P.Boonen"]
[SourceDate "2010.01.01"]

1. e4 c5 2. Nf3 Nc6 3. c3 d6 4. d4 cxd4 5. cxd4 Nf6 6. Nc3 g6 7. Be2 Bg7 8. h3
O-O 9. Be3 Nd7 10. O-O a6 11. Qd2 Re8 12. Rfd1 b5 13. Rac1 Bb7 14. Bd3 Rc8 15.
Bb1 b4 16. Ne2 a5 17. Bd3 e5 18. d5 Ncb8 19. Bb5 Rf8 20. Rxc8 Qxc8 21. Rc1 Qd8
22. Qc2 Na6 23. Nd2 f5 24. f3 Nac5 25. Bxd7 Nxd7 26. Qc7 Ba6 27. Qxd8 Rxd8 28.
Kf1 Nf6 29. Bb6 Ra8 30. Ke1 Bh6 31. Rc6 Bxd2+ 32. Kxd2 fxe4 33. Rxd6 Kf7 34.
Ng3 exf3 35. gxf3 Bc4 36. b3 Bxd5 37. Bd8 Be6 38. Bxf6 Kxf6 39. Ne4+ Ke7 40.
Rb6 Rd8+ 41. Ke2 Bxh3 42. Rb5 Ra8 43. Rxe5+ Kf8 44. Ng5 Bf5 45. Nxh7+ Kf7 46.
Ng5+ Kf6 47. f4 Bb1 48. Re6+ Kg7 49. Re7+ Kg8 50. Nh7 a4 51. Nf6+ Kf8 52. Rd7
Ra6 53. Nd5 Bxa2 54. Nxb4 Re6+ 55. Kd3 Bxb3 56. Rd4 Kf7 57. Kc3 Kf6 58. Nd3 Re3
59. Kb4 Kf5 60. Nc5 Rf3 61. Nd3 Bc2 62. Ne5 Rb3+ 63. Ka5 Rb1 64. Rd2 Bb3 65.
Kb4 Bd1+ 66. Ka3 Bb3 67. Rb2 Ra1+ 68. Kb4 Rf1 69. Nxg6 Kxg6 70. Ka3 Kf5 71. Rh2
Kxf4 72. Rb2 Ke4 73. Re2+ Kd3 74. Rg2 Ra1+ 75. Kb4 Bd1 76. Rg3+ Kd4 77. Rg2 a3
78. Rg3 a2 79. Ka3 Be2 80. Kb2 Rb1+ 81. Kxa2 Rb8 {.....} 0-1

[Event "ENCI Limburg-open B"]
[Site "Maastricht"]
[Date "2009.06.01"]
[Round "6"]
[White "Camps, Jeroen"]
[Black "Beeren, Thom"]
[Result "1-0"]
[WhiteElo "1740"]
[BlackElo "1807"]
[PlyCount "61"]
[EventDate "2009.05.29"]
[EventType "swiss"]
[EventRounds "7"]
[EventCountry "NED"]
[Source "P.Boonen"]
[SourceDate "2010.01.01"]

1. e4 e5 2. Nf3 Nc6 3. Nc3 Nf6 4. Bb5 a6 5. Ba4 b5 6. Bb3 Bc5 7. O-O O-O 8. d3
d6 9. Bg5 h6 10. Bh4 Bg4 11. Bd5 Bxf3 12. gxf3 Qd7 13. Bxf6 gxf6 14. Kh1 Rae8
15. Bxc6 Qxc6 16. Nd5 Re6 17. Rg1+ Kh7 18. Qd2 f5 19. Rg2 f4 20. Rag1 Qd7 21.
Rg7+ Kh8 22. Nxf4 exf4 23. Qc3 Re5 24. d4 b4 25. Qd2 Bxd4 26. Qxd4 Qh3 27. Qd3
Rh5 28. R1g2 Re8 29. c3 d5 30. Qd4 Rhe5 31. Qxe5 1-0

[Event "ENCI Limburg-open B"]
[Site "Maastricht"]
[Date "2009.06.01"]
[Round "6"]
[White "Carcan, Stephane"]
[Black "Smit, Melvin"]
[Result "1-0"]
[WhiteElo "2022"]
[BlackElo "1812"]
[PlyCount "45"]
[EventDate "2009.05.29"]
[EventType "swiss"]
[EventRounds "7"]
[EventCountry "NED"]
[Source "P.Boonen"]
[SourceDate "2010.01.01"]

1. Nf3 d5 2. g3 Nf6 3. Bg2 c6 4. d3 Bf5 5. O-O h6 6. Nfd2 e6 7. e4 dxe4 8. dxe4
Bh7 9. e5 Nd5 10. a3 a5 11. c4 Nb6 12. Re1 Be7 13. Nc3 N8d7 14. Qe2 O-O 15. f4
Nc5 16. Nde4 Qc7 17. Be3 Nxe4 18. Nxe4 Bxe4 19. Bxe4 Rfd8 20. Red1 Nd7 21. Qf2
b6 22. Bg2 Nf8 23. Bxb6 1-0

[Event "ENCI Limburg-open B"]
[Site "Maastricht"]
[Date "2009.06.01"]
[Round "6"]
[White "Coenen, Bert"]
[Black "Staudte, Rainer"]
[Result "1/2-1/2"]
[WhiteElo "1782"]
[BlackElo "1855"]
[PlyCount "43"]
[EventDate "2009.05.29"]
[EventType "swiss"]
[EventRounds "7"]
[EventCountry "NED"]
[Source "P.Boonen"]
[SourceDate "2010.01.01"]

1. d4 Nf6 2. Bg5 Ne4 3. Bf4 e6 4. e3 Bd6 5. Bxd6 Nxd6 6. c4 f5 7. Nc3 O-O 8.
Bd3 Nf7 9. Nf3 d5 10. Qc2 c6 11. O-O-O Qf6 12. h3 Na6 13. a3 Nc7 14. g4 g6 15.
Rhg1 Bd7 16. gxf5 exf5 17. h4 Kh8 18. Rg3 f4 19. exf4 Qxf4+ 20. Kb1 Bf5 21.
Bxf5 Qxf5 22. Qxf5 1/2-1/2

[Event "ENCI Limburg-open B"]
[Site "Maastricht"]
[Date "2009.06.01"]
[Round "6"]
[White "Cromsigt, Jeroen"]
[Black "Holwijn, Melvin"]
[Result "0-1"]
[WhiteElo "1836"]
[BlackElo "2001"]
[PlyCount "78"]
[EventDate "2009.05.29"]
[EventType "swiss"]
[EventRounds "7"]
[EventCountry "NED"]
[Source "P.Boonen"]
[SourceDate "2010.01.01"]

1. e4 e5 2. Nf3 Nf6 3. Bc4 Nxe4 4. Nc3 Nxc3 5. dxc3 c6 6. Nxe5 d5 7. Bd3 Be6 8.
O-O Bc5 9. Kh1 Nd7 10. Bf4 Nf6 11. Qe2 O-O 12. Bg5 Re8 13. Qf3 Be7 14. Rae1 Qc7
15. Qg3 Ne4 16. Bxe4 Bxg5 17. Qxg5 dxe4 18. Ng4 Bxg4 19. Qxg4 Qe5 20. f4 Qb5
21. f5 f6 22. Rf4 Qxb2 23. Rfxe4 Rxe4 24. Qxe4 Qxa2 25. c4 h6 26. Qe6+ Kh7 27.
Qf7 Rg8 28. g4 Qxc2 29. Kg1 Qd2 30. Qg6+ Kh8 31. Re8 Qd7 32. Re6 Rd8 33. Re3
Qd4 34. Kf2 Qf4+ 35. Ke2 Qxh2+ 36. Kf3 Qh3+ 37. Kf4 Rd4+ 38. Re4 Qf1+ 39. Ke3
Qd3+ 0-1

[Event "ENCI Limburg-open B"]
[Site "Maastricht"]
[Date "2009.06.01"]
[Round "6"]
[White "De Freytas, Paul"]
[Black "Henrichs, Wenke"]
[Result "1-0"]
[WhiteElo "1896"]
[BlackElo "2033"]
[PlyCount "69"]
[EventDate "2009.05.29"]
[EventType "swiss"]
[EventRounds "7"]
[EventCountry "NED"]
[Source "P.Boonen"]
[SourceDate "2010.01.01"]

1. g3 c5 2. e4 Nc6 3. Bg2 g6 4. d3 Bg7 5. f4 d6 6. Nf3 e6 7. Nc3 Nge7 8. O-O
Rb8 9. Be3 Nd4 10. Qd2 O-O 11. Nd1 b5 12. c3 Nxf3+ 13. Bxf3 b4 14. d4 bxc3 15.
bxc3 Ba6 16. Rf2 Qa5 17. dxc5 dxc5 18. Qd6 Bxc3 19. Rc1 Bf6 20. Rxc5 Bb5 21.
Qd2 Qa3 22. e5 Bg7 23. Rc7 Rfd8 24. Qc3 Qxc3 25. Nxc3 Nd5 26. Bxd5 exd5 27.
Bxa7 Bc4 28. Bxb8 Rxb8 29. Rd2 Ra8 30. Nxd5 Bxa2 31. Ne7+ Kf8 32. Rc8+ Kxe7 33.
Rxa8 Be6 34. Ra7+ Ke8 35. Rb2 1-0

[Event "ENCI Limburg-open B"]
[Site "Maastricht"]
[Date "2009.06.01"]
[Round "6"]
[White "Debusschere, Helmuth"]
[Black "Suilen, Willem"]
[Result "0-1"]
[WhiteElo "1824"]
[BlackElo "1754"]
[PlyCount "108"]
[EventDate "2009.05.29"]
[EventType "swiss"]
[EventRounds "7"]
[EventCountry "NED"]
[Source "P.Boonen"]
[SourceDate "2010.01.01"]

1. e4 e5 2. d4 exd4 3. Qxd4 Nc6 4. Qe3 Nf6 5. Nc3 Bb4 6. Bd2 O-O 7. O-O-O Re8
8. Bd3 d5 9. Qg5 h6 10. Qh4 Be7 11. exd5 Ng4 12. Qh5 Nd4 13. Be3 c5 14. Rf1 Bd6
15. Nf3 Nxf3 16. gxf3 Re5 17. fxg4 Rxh5 18. gxh5 Be5 19. Rhg1 Bxc3 20. bxc3 Kh8
21. Bxc5 Qxd5 22. Bd4 f6 23. Bg6 Bf5 24. Re1 Bxg6 25. hxg6 Qxa2 26. Kd2 Qa3 27.
Re3 Qa4 28. Rge1 Qd7 29. Kc1 b6 30. Re7 Qb5 31. h4 Kg8 32. Rc7 Re8 33. Rxe8+
Qxe8 34. Rxa7 Qxg6 35. Bxb6 Qg4 36. Be3 Qxh4 37. Rd7 Qc4 38. Kd2 h5 39. Rd4 Qc7
40. c4 g5 41. c5 Kf7 42. Rd6 h4 43. Bd4 Qe7 44. Rxf6+ Qxf6 45. Bxf6 Kxf6 46.
Ke1 Ke6 47. c4 Kd7 48. Kf1 Kc6 49. Kg2 Kxc5 50. Kh3 Kxc4 51. f4 gxf4 52. Kxh4
Kd4 53. Kh3 Ke3 54. Kg2 Ke2 0-1

[Event "ENCI Limburg-open B"]
[Site "Maastricht"]
[Date "2009.06.01"]
[Round "6"]
[White "Falter, Lennart"]
[Black "Snoeck, Rene"]
[Result "0-1"]
[WhiteElo "1829"]
[BlackElo "1916"]
[PlyCount "74"]
[EventDate "2009.05.29"]
[EventType "swiss"]
[EventRounds "7"]
[EventCountry "NED"]
[Source "P.Boonen"]
[SourceDate "2010.01.01"]

1. e4 c6 2. d4 d5 3. exd5 cxd5 4. c4 Nf6 5. Nc3 g6 6. Nf3 Bg7 7. c5 O-O 8. Bf4
Nc6 9. Bb5 Nh5 10. Qd2 Nxf4 11. Qxf4 Nxd4 12. Nxd4 e5 13. Qd2 exd4 14. Ne2 Qe7
15. Rc1 a6 16. Bd3 Qh4 17. O-O Re8 18. g3 Qf6 19. Nf4 Be6 20. Rfe1 Bh6 21. Bf1
Bxf4 22. gxf4 Bf5 23. Rxe8+ Rxe8 24. Rd1 Be4 25. Re1 Rc8 26. b4 Qh4 27. Bg2 Qg4
28. Rxe4 dxe4 29. Qxd4 Qxf4 30. Qd7 Qc7 31. Qd4 Re8 32. Bxe4 Qf4 33. f3 Re5 34.
Qd8+ Kg7 35. Bxb7 Qe3+ 36. Kg2 Rg5+ 37. Kh3 Qg1 0-1

[Event "ENCI Limburg-open B"]
[Site "Maastricht"]
[Date "2009.06.01"]
[Round "6"]
[White "Geboers, Jimmy"]
[Black "Obels, Pepijn"]
[Result "0-1"]
[WhiteElo "1950"]
[BlackElo "1813"]
[PlyCount "50"]
[EventDate "2009.05.29"]
[EventType "swiss"]
[EventRounds "7"]
[EventCountry "NED"]
[Source "P.Boonen"]
[SourceDate "2010.01.01"]

1. d4 Nf6 2. c4 g6 3. Nc3 Bg7 4. e4 d6 5. f4 O-O 6. Nf3 e5 7. dxe5 dxe5 8. Qxd8
Rxd8 9. Nxe5 Na6 10. Be2 Nb4 11. Kf2 Nc2 12. Rb1 Nd7 13. Nxd7 Bd4+ 14. Kf3 Bxd7
15. Nd5 Bc5 16. b4 Nd4+ 17. Kf2 Bf8 18. Bb2 Bg7 19. h3 c6 20. Ne3 Re8 21. Rhd1
Rxe4 22. Bxd4 Bxd4 23. Rd3 Rxf4+ 24. Kg3 Be5 25. Ng4 Rxg4+ 0-1

[Event "ENCI Limburg-open B"]
[Site "Maastricht"]
[Date "2009.06.01"]
[Round "6"]
[White "Goes, Dirk"]
[Black "Schmitz, Martin"]
[Result "1-0"]
[WhiteElo "1973"]
[BlackElo "1838"]
[PlyCount "59"]
[EventDate "2009.05.29"]
[EventType "swiss"]
[EventRounds "7"]
[EventCountry "NED"]
[Source "P.Boonen"]
[SourceDate "2010.01.01"]

1. d4 Nf6 2. Bg5 Ne4 3. Bh4 d5 4. f3 Nd6 5. Nc3 Nf5 6. Bf2 e6 7. e4 dxe4 8.
fxe4 Nh4 9. g3 Ng6 10. Bg2 Be7 11. h4 c6 12. h5 Nf8 13. Nf3 Nbd7 14. Qd2 Nf6
15. O-O-O Qa5 16. Ne5 Bb4 17. Qg5 N6d7 18. Qxg7 Nxe5 19. dxe5 Bxc3 20. bxc3 Bd7
21. Qxh8 O-O-O 22. Qf6 Qxc3 23. Rd3 Qa1+ 24. Kd2 Qxa2 25. Bd4 Qa5+ 26. Ke2 c5
27. Bc3 Qb6 28. Kf3 h6 29. Ra1 Qb5 30. Rxa7 1-0

[Event "ENCI Limburg-open B"]
[Site "Maastricht"]
[Date "2009.06.01"]
[Round "6"]
[White "Guelpen, Markus"]
[Black "Roufs, Gerard"]
[Result "1/2-1/2"]
[WhiteElo "2032"]
[BlackElo "1948"]
[PlyCount "103"]
[EventDate "2009.05.29"]
[EventType "swiss"]
[EventRounds "7"]
[EventCountry "NED"]
[Source "P.Boonen"]
[SourceDate "2010.01.01"]

1. e4 c5 2. Nf3 e6 3. d4 cxd4 4. Nxd4 Nc6 5. Nc3 Qc7 6. Be2 a6 7. O-O Nf6 8.
Be3 Bb4 9. Na4 Be7 10. Nxc6 bxc6 11. Nb6 Rb8 12. Nxc8 Qxc8 13. Bd4 O-O 14. Qd3
Ra8 15. c4 c5 16. Bc3 Qc7 17. Rad1 Rfd8 18. e5 Ne8 19. Bf3 Ra7 20. Be4 g6 21.
f4 Bf8 22. Qg3 Bg7 23. Rf3 d6 24. Rfd3 Qb6 25. Qf3 Bf8 26. Bc6 Ng7 27. exd6 Nf5
28. d7 Nd4 29. Bxd4 cxd4 30. b3 Rc7 31. Ba4 Qa5 32. Kf1 Bg7 33. Re1 Rxc4 34.
bxc4 Qxa4 35. Ra3 Qxc4+ 36. Qd3 Qxd3+ 37. Rxd3 Rxd7 38. Ra3 Rd6 39. Rb1 Rc6 40.
Rb8+ Bf8 41. Ra4 Kg7 42. Rxd4 Rc1+ 43. Ke2 Rc2+ 44. Rd2 Rc4 45. g3 a5 46. Rb7
Rc5 47. Rdd7 Rf5 48. Kd3 h6 49. Ke4 g5 50. Rb6 Kg6 51. Rd8 Bg7 52. Re8 1/2-1/2

[Event "ENCI Limburg-open B"]
[Site "Maastricht"]
[Date "2009.06.01"]
[Round "6"]
[White "Herzet, Serge"]
[Black "Ekat, Michael"]
[Result "0-1"]
[WhiteElo "1851"]
[BlackElo "1930"]
[PlyCount "74"]
[EventDate "2009.05.29"]
[EventType "swiss"]
[EventRounds "7"]
[EventCountry "NED"]
[Source "P.Boonen"]
[SourceDate "2010.01.01"]

1. e4 d6 2. d4 Nf6 3. Bd3 e5 4. c3 Be7 5. Ne2 O-O 6. O-O c6 7. Ng3 Re8 8. Nd2
Qc7 9. Nc4 Nbd7 10. f4 Bf8 11. Bc2 exd4 12. cxd4 b5 13. Ne3 Nb6 14. e5 Nfd5 15.
h4 c5 16. Nxd5 Nxd5 17. Be4 Bb7 18. Qf3 dxe5 19. Bxd5 Bxd5 20. Qxd5 exd4 21.
Bd2 c4 22. Rac1 a6 23. Kh1 Rad8 24. Qf3 b4 25. f5 c3 26. bxc3 bxc3 27. f6 g6
28. h5 Qa5 29. hxg6 hxg6 30. Bf4 d3 31. a4 d2 32. Bxd2 cxd2 33. Rcd1 Qxa4 34.
Qc3 Qh4+ 35. Kg1 Rd3 36. Qxd3 Bc5+ 37. Rf2 Re1+ 0-1

[Event "ENCI Limburg-open B"]
[Site "Maastricht"]
[Date "2009.06.01"]
[Round "6"]
[White "Hesselmann, Hans"]
[Black "Lenaerts, Lennert"]
[Result "0-1"]
[WhiteElo "1870"]
[BlackElo "1720"]
[PlyCount "127"]
[EventDate "2009.05.29"]
[EventType "swiss"]
[EventRounds "7"]
[EventCountry "NED"]
[Source "P.Boonen"]
[SourceDate "2010.01.01"]

1. e4 d5 2. exd5 Nf6 3. Nf3 Nxd5 4. d4 g6 5. c4 Nb6 6. Nc3 Bg7 7. Be3 Nc6 8. h3
O-O 9. Be2 a6 10. Qd2 Re8 11. O-O e6 12. Rac1 Ne7 13. Bd3 Nf5 14. Bxf5 Nxc4 15.
Qe2 Nxe3 16. fxe3 exf5 17. Qf2 c6 18. Kh1 Bh6 19. Nd1 Be6 20. b3 Bd5 21. Re1 f4
22. Ne5 fxe3 23. Nxe3 Bxe3 24. Rxe3 f6 25. Ng4 Rxe3 26. Qxe3 f5 27. Ne5 Qe7 28.
Kh2 Re8 29. Qf4 Qd6 30. h4 Qf6 31. Rc3 Kh8 32. a3 Rg8 33. Qh6 Qg7 34. Qg5 h6
35. Qd2 g5 36. h5 Rd8 37. Qf2 Qf6 38. b4 Bf7 39. Rf3 Be6 40. Re3 f4 41. Rc3 g4
42. Kg1 Bf7 43. g3 f3 44. Nxg4 Qxd4 45. Qxd4+ Rxd4 46. Nxh6 Bxh5 47. Nf5 Rd1+
48. Kf2 Rd2+ 49. Ke1 f2+ 50. Kf1 Bg4 51. Nh4 Bh3+ 52. Ng2 Rd1+ 53. Kxf2 Rd2+
54. Ke3 Rxg2 55. Kf4 Rd2 56. g4 Rd4+ 57. Ke5 Rd5+ 58. Kf4 Bf1 59. Re3 Rd7 60.
g5 Bd3 61. Rh3+ Kg7 62. Ke5 Rd5+ 63. Ke6 Bf5+ 64. Ke7 0-1

[Event "ENCI Limburg-open B"]
[Site "Maastricht"]
[Date "2009.06.01"]
[Round "6"]
[White "Hoelting, Siegfried"]
[Black "Dalemans, Diana"]
[Result "0-1"]
[WhiteElo "1780"]
[BlackElo "1852"]
[PlyCount "66"]
[EventDate "2009.05.29"]
[EventType "swiss"]
[EventRounds "7"]
[EventCountry "NED"]
[Source "P.Boonen"]
[SourceDate "2010.01.01"]

1. e4 c5 2. Nf3 Nc6 3. d4 cxd4 4. Nxd4 Nf6 5. Nc3 e5 6. Nxc6 bxc6 7. Bd3 Be7 8.
O-O O-O 9. Bg5 h6 10. Be3 d5 11. Bd2 Bg4 12. f3 Be6 13. exd5 cxd5 14. b3 Nh5
15. Rb1 Bc5+ 16. Kh1 f5 17. Qe1 Qf6 18. Be2 f4 19. Na4 Bd6 20. Bb4 Bxb4 21.
Qxb4 Ng3+ 22. hxg3 fxg3 23. Kg1 e4 24. fxe4 Qh4 25. Rxf8+ Rxf8 26. Qxf8+ Kxf8
27. Bd1 Qh2+ 28. Kf1 Qh1+ 29. Ke2 Qxg2+ 30. Kd3 Qxe4+ 31. Kd2 Qf4+ 32. Kc3 Qe3+
33. Kb2 g2 0-1

[Event "ENCI Limburg-open B"]
[Site "Maastricht"]
[Date "2009.06.01"]
[Round "6"]
[White "Klein, Gernot"]
[Black "Bitalzadeh, Mahsa"]
[Result "1-0"]
[WhiteElo "1891"]
[BlackElo "1761"]
[PlyCount "117"]
[EventDate "2009.05.29"]
[EventType "swiss"]
[EventRounds "7"]
[EventCountry "NED"]
[Source "P.Boonen"]
[SourceDate "2010.01.01"]

1. e4 c5 2. Nf3 d6 3. d4 cxd4 4. Nxd4 Nf6 5. Nc3 g6 6. Be3 Bg7 7. f3 O-O 8. Qd2
Nc6 9. Bc4 Bd7 10. Bb3 Rc8 11. O-O-O Re8 12. Kb1 Ne5 13. h4 Nc4 14. Bxc4 Rxc4
15. g4 Qa5 16. Nb3 Qc7 17. e5 Nxg4 18. exd6 exd6 19. Nd5 Qc8 20. fxg4 Bxg4 21.
Rc1 Bf3 22. Rhe1 Rce4 23. Bf2 Re2 24. Rxe2 Bxe2 25. Re1 Qc6 26. Nc1 Qb5 27. Nc3
Bxc3 28. Qxc3 Bg4 29. Rxe8+ Qxe8 30. Qf6 Qe5 31. Bd4 Qxf6 32. Bxf6 Kf8 33. Nb3
Ke8 34. Nd4 Kd7 35. Kc1 a6 36. Kd2 d5 37. Ke3 Kd6 38. b4 b5 39. Kf4 h5 40. Be5+
Kd7 41. Kg5 Ke7 42. Bf6+ Kd6 43. c3 Kd7 44. Kh6 Kd6 45. Kg7 Be6 46. Nb3 d4 47.
cxd4 Bc4 48. Be5+ Ke7 49. Nc5 Bxa2 50. Nxa6 Bc4 51. Nc5 Bd5 52. Nd3 Be4 53. Nf4
Bc6 54. Bf6+ Ke8 55. d5 Bb7 56. d6 Bc6 57. Nd3 Bd7 58. Ne5 Be6 59. d7+ 1-0

[Event "ENCI Limburg-open B"]
[Site "Maastricht"]
[Date "2009.06.01"]
[Round "6"]
[White "Klein, Leo"]
[Black "Ibrahim, Ashraf"]
[Result "0-1"]
[WhiteElo "2037"]
[BlackElo "1805"]
[PlyCount "62"]
[EventDate "2009.05.29"]
[EventType "swiss"]
[EventRounds "7"]
[EventCountry "NED"]
[Source "P.Boonen"]
[SourceDate "2010.01.01"]

1. d4 Nf6 2. c3 e6 3. Bf4 b6 4. e3 Bb7 5. Nd2 Be7 6. h3 O-O 7. Qc2 d6 8. Ngf3
Nbd7 9. e4 c5 10. e5 Nd5 11. exd6 Nxf4 12. dxe7 Qxe7 13. dxc5 Nxc5 14. g3 Ng6
15. Be2 Rfd8 16. O-O e5 17. Nc4 Qe6 18. Ng5 Qd5 19. Nf3 e4 20. Ne3 Qd7 21. Ng5
h6 22. Nxf7 Qxf7 23. Bc4 Ne6 24. Qb3 Re8 25. Nd5 Kh8 26. Rae1 Nc5 27. Nxb6 Qe7
28. Nd5 Bxd5 29. Bxd5 Nxb3 30. Bxa8 Rxa8 31. axb3 Ne5 0-1

[Event "ENCI Limburg-open B"]
[Site "Maastricht"]
[Date "2009.06.01"]
[Round "6"]
[White "Kuck, Ulrich"]
[Black "Von Meijenfeldt, Bart"]
[Result "1-0"]
[WhiteElo "1937"]
[BlackElo "1984"]
[PlyCount "87"]
[EventDate "2009.05.29"]
[EventType "swiss"]
[EventRounds "7"]
[EventCountry "NED"]
[Source "P.Boonen"]
[SourceDate "2010.01.01"]

1. e4 c5 2. c3 g6 3. d4 cxd4 4. cxd4 d5 5. e5 Nc6 6. Nc3 Bg7 7. f4 Nh6 8. Be3
O-O 9. Be2 Bf5 10. Nf3 a6 11. h3 b5 12. O-O Rc8 13. Qd2 Na5 14. g4 b4 15. Na4
Rc2 16. Qd1 Be4 17. Ng5 Qc7 18. Nxe4 dxe4 19. Nc5 Rxb2 20. Bc1 Rxe2 21. Qxe2
Rd8 22. Be3 Nc6 23. Rfd1 a5 24. Rac1 e6 25. Qa6 Nb8 26. Qb5 Qa7 27. Qb7 Qxb7
28. Nxb7 Rf8 29. Nd6 Nd7 30. Rc6 f6 31. exf6 Nxf6 32. g5 Nd5 33. gxh6 Bxh6 34.
Re1 Rd8 35. Nxe4 a4 36. Kf2 Bg7 37. Rec1 Kf7 38. Ng5+ Kf6 39. Nxe6 Rb8 40. Nc7+
Kf5 41. Nxd5 b3 42. axb3 Rxb3 43. Kf3 Bxd4 44. Ne7# 1-0

[Event "ENCI Limburg-open B"]
[Site "Maastricht"]
[Date "2009.06.01"]
[Round "6"]
[White "Loose, Rob"]
[Black "De Wit, Albert"]
[Result "0-1"]
[WhiteElo "1857"]
[BlackElo "1792"]
[PlyCount "64"]
[EventDate "2009.05.29"]
[EventType "swiss"]
[EventRounds "7"]
[EventCountry "NED"]
[Source "P.Boonen"]
[SourceDate "2010.01.01"]

1. e4 g6 2. d4 Bg7 3. Nc3 c6 4. Be3 Qb6 5. a3 d6 6. Bc4 Nf6 7. Bb3 Ng4 8. Nf3
O-O 9. O-O e5 10. Na4 Qa5 11. Bd2 Qc7 12. h3 b5 13. Nc3 exd4 14. Nxb5 cxb5 15.
hxg4 Bxg4 16. Bf4 Nd7 17. Qd2 Bxf3 18. gxf3 Ne5 19. Kg2 Qe7 20. Bg5 Bf6 21. Bh6
Rfe8 22. Rh1 Nxf3 23. Kxf3 Qxe4+ 24. Kg3 Rac8 25. Bf4 h5 26. f3 Qf5 27. Rae1
h4+ 28. Kf2 h3 29. Bg3 Be5 30. Qh6 Rxc2+ 31. Re2 Rxe2+ 32. Kxe2 Bg7+ 0-1

[Event "ENCI Limburg-open B"]
[Site "Maastricht"]
[Date "2009.06.01"]
[Round "6"]
[White "Moog, Gerhard"]
[Black "Kocur, Marc"]
[Result "1/2-1/2"]
[WhiteElo "1794"]
[BlackElo "1887"]
[PlyCount "68"]
[EventDate "2009.05.29"]
[EventType "swiss"]
[EventRounds "7"]
[EventCountry "NED"]
[Source "P.Boonen"]
[SourceDate "2010.01.01"]

1. e4 d6 2. d4 Nf6 3. Nc3 Nbd7 4. Nf3 e5 5. dxe5 dxe5 6. Bc4 Be7 7. O-O O-O 8.
a3 c6 9. Bg5 Qc7 10. Qe2 b5 11. Ba2 Nc5 12. Bxf6 Bxf6 13. Rfd1 Be7 14. Rd2 Be6
15. Bxe6 Nxe6 16. Rad1 Rad8 17. Rxd8 Rxd8 18. Rxd8+ Bxd8 19. Qd2 Be7 20. g3 f6
21. b4 a6 22. Ne2 Kf7 23. Nh4 Ng5 24. Qd3 Qa7 25. Kg2 c5 26. f4 cxb4 27. axb4
exf4 28. gxf4 Ne6 29. Qb3 Bxb4 30. f5 Be1 31. Qxe6+ Kf8 32. Qd6+ Ke8 33. Qe6+
Kf8 34. Qd6+ Ke8 1/2-1/2

[Event "ENCI Limburg-open B"]
[Site "Maastricht"]
[Date "2009.06.01"]
[Round "6"]
[White "Pijlman, Rene"]
[Black "Hauglustaine, Sander"]
[Result "1-0"]
[WhiteElo "1886"]
[BlackElo "1667"]
[PlyCount "39"]
[EventDate "2009.05.29"]
[EventType "swiss"]
[EventRounds "7"]
[EventCountry "NED"]
[Source "P.Boonen"]
[SourceDate "2010.01.01"]

1. e4 c5 2. Nc3 Nc6 3. f4 g6 4. Nf3 Bg7 5. Bb5 d6 6. O-O Bg4 7. d3 e6 8. Bxc6+
bxc6 9. Qe1 Bxf3 10. Rxf3 Nf6 11. f5 gxf5 12. Bg5 h6 13. Bh4 Rg8 14. exf5 e5
15. Ne4 Rb8 16. Rg3 Kf8 17. Rxg7 Rxg7 18. Bxf6 Qb6 19. Bxg7+ Kxg7 20. Qg3+ 1-0

[Event "ENCI Limburg-open B"]
[Site "Maastricht"]
[Date "2009.06.01"]
[Round "6"]
[White "Probst, Patrick"]
[Black "Schilperoort, Jeroen"]
[Result "1-0"]
[WhiteElo "1985"]
[BlackElo "1926"]
[PlyCount "55"]
[EventDate "2009.05.29"]
[EventType "swiss"]
[EventRounds "7"]
[EventCountry "NED"]
[Source "P.Boonen"]
[SourceDate "2010.01.01"]

1. d4 Nc6 2. Nf3 d6 3. e4 Nf6 4. Nc3 Bg4 5. Be3 a6 6. Be2 g6 7. h3 Bxf3 8. Bxf3
Bg7 9. Qd2 O-O 10. O-O-O Na5 11. b3 Nd7 12. Bh6 c5 13. Bxg7 Kxg7 14. dxc5 Rc8
15. cxd6 e6 16. Qd4+ e5 17. Qe3 Nc5 18. Rd5 Qb6 19. Bg4 f5 20. exf5 gxf5 21.
Qxe5+ Kg8 22. Bxf5 Rxf5 23. Qg3+ Kh8 24. Rxf5 Ncxb3+ 25. axb3 Nxb3+ 26. cxb3
Qxb3 27. Qe5+ Kg8 28. Rg5+ 1-0

[Event "ENCI Limburg-open B"]
[Site "Maastricht"]
[Date "2009.06.01"]
[Round "6"]
[White "Reenaers, Johan"]
[Black "Overtoom, Reinier"]
[Result "0-1"]
[WhiteElo "1776"]
[BlackElo "1725"]
[PlyCount "94"]
[EventDate "2009.05.29"]
[EventType "swiss"]
[EventRounds "7"]
[EventCountry "NED"]
[Source "P.Boonen"]
[SourceDate "2010.01.01"]

1. e4 c5 2. d4 cxd4 3. c3 dxc3 4. Nxc3 Nc6 5. Nf3 e6 6. Bc4 a6 7. Qe2 b5 8. Bb3
Nge7 9. O-O Ng6 10. Rd1 Be7 11. Be3 O-O 12. Rac1 Qa5 13. Bd2 Qd8 14. Be3 Qa5
15. Bd2 Qd8 16. Be1 Kh8 17. a4 b4 18. Na2 Na5 19. Bc4 Nxc4 20. Qxc4 a5 21. Bd2
Ba6 22. Qd4 Be2 23. Re1 Bxf3 24. gxf3 Nh4 25. Qd3 d5 26. e5 Nf5 27. f4 Qd7 28.
b3 Qb7 29. Rc2 Rac8 30. Rec1 h6 31. Be3 Nh4 32. Bd4 Nf5 33. Be3 Rxc2 34. Rxc2
Rc8 35. Nc1 Rxc2 36. Qxc2 d4 37. Bd2 Nh4 38. Kf1 Qh1+ 39. Ke2 Qf3+ 40. Kf1 Nf5
41. Nd3 Bh4 42. Bc1 Qh1+ 43. Ke2 Qxh2 44. Qc8+ Kh7 45. Qc2 Ng3+ 46. Kf3 Qh1+
47. Kg4 h5# 0-1

[Event "ENCI Limburg-open B"]
[Site "Maastricht"]
[Date "2009.06.01"]
[Round "6"]
[White "Schubert, Karl"]
[Black "Hollands, Maxim"]
[Result "0-1"]
[WhiteElo "1850"]
[BlackElo "1748"]
[PlyCount "136"]
[EventDate "2009.05.29"]
[EventType "swiss"]
[EventRounds "7"]
[EventCountry "NED"]
[Source "P.Boonen"]
[SourceDate "2010.01.01"]

1. e4 d6 2. d4 Nf6 3. Nc3 g6 4. h3 Bg7 5. a4 O-O 6. Nf3 Nc6 7. Be3 e5 8. d5 Ne7
9. Be2 Ne8 10. g4 c6 11. g5 f5 12. gxf6 Nxf6 13. Qd2 Qa5 14. dxc6 Nxc6 15. Qxd6
Nxe4 16. Qd5+ Qxd5 17. Nxd5 Nd4 18. Bxd4 exd4 19. Rd1 b6 20. Nc7 Rb8 21. Nb5
Bb7 22. O-O Rbc8 23. Nbxd4 Nc5 24. b3 Rf4 25. Kh2 Rcf8 26. c3 Bxf3 27. Nxf3
Rxf3 28. Bxf3 Rxf3 29. Rd8+ Rf8 30. Rxf8+ Kxf8 31. a5 bxa5 32. b4 Ne4 33. bxa5
Bxc3 34. a6 Bd4 35. Kg2 Nxf2 36. Rb1 Kg7 37. Rb7+ Kh6 38. Kg3 Bc5 39. Rb5 Nd3
40. Kg4 Kg7 41. Rb7+ Kf6 42. Rc7 h5+ 43. Kf3 Ne5+ 44. Ke4 Bb6 45. Rb7 Nc6 46.
Kf3 Ke5 47. Rg7 Kf6 48. Rb7 Kg5 49. Rg7 Nb4 50. h4+ Kh6 51. Rg8 Nxa6 52. Ke4
Nc7 53. Kd3 Nd5 54. Ke2 Ne7 55. Rh8+ Kg7 56. Re8 Nf5 57. Kf3 Nxh4+ 58. Kg3 Nf5+
59. Kg2 Kf6 60. Kh3 g5 61. Kg2 g4 62. Rh8 h4 63. Rg8 Ke5 64. Kh1 Kf4 65. Kg2
h3+ 66. Kh1 g3 67. Rg4+ Ke3 68. Re4+ Kd3 0-1